| 000 | 00498nam a2200157Ia 4500 | ||
|---|---|---|---|
| 008 | 220216s9999 xx 000 0 und d | ||
| 100 |
_aLemos Filho Jose Pires De _cet al |
||
| 245 | 0 | _aBase temperature and heat units for leaf flushing emission and growth of Hevea brasiliensis Muell. Arg. | |
| 260 |
_bInternational Journal of Biometeorology _c1993 |
||
| 300 | _a65-67 | ||
| 500 | _aSource Year: 1993 | ||
| 650 | _aHevea brasiliensis | ||
| 650 | _aLeaf flushing | ||
| 856 | _uBA | ||
| 942 | _cJS | ||
| 999 |
_c54669 _d54669 |
||